000 002840000a22001090004500
100 1 _aCanclini, Arnoldo
245 1 0 _aColón y su perfil misionero
300 _aVol.0, núm.199 (1992), Páginas 8-9
650 1 4 _aCRISTÓBAL COLÓN
773 0 _tLa Biblia en las Américas
942 _cANA
999 _c62881
_d62881